000 00455nam a2200169Ia 4500
008 090711s9999 xx 000 0 und d
082 _b66498
100 _aगुंदेकर श्रीराम
245 _aउSाल
260 _c1990
300 _a165
600 _aगुंदेकर श्रीराम
630 _aउSाल
700 _aगुंदेकर श्रीराम
730 _aउSाल
942 _cBOOK
999 _c310770
_d310770